000
00279nam a22001337a 4500
008
181224b xxu||||| |||| 00| 0 eng d
020
_a
9780195055283
041
_a
eng
080
_a
531
100
_a
48
101
_a
FIZ
245
_a
Cosmogenesis
_c
David.L
942
_2
udc
_c
BK
999
_c
53738
_d
53738